[Event "Durban USSA op"]
[Site "Durban"]
[Date "2023.12.06"]
[Round "5"]
[White "Tokoyi, Romeo"]
[Black "Bezuidenhout, Lian"]
[Result "0-1"]
[WhiteElo "1411"]
[BlackElo "1639"]
[PlyCount "80"]
[EventDate "2023.12.04"]
[EventType "swiss"]
[EventRounds "9"]
[EventCountry "RSA"]
[SourceTitle "CB50_2023"]
[SourceDate "2023.12.13"]
[SourceVersion "1"]
[SourceVersionDate "2023.12.13"]
[SourceQuality "1"]

1. d4 Nf6 2. c4 e6 3. Nf3 d5 4. g3 Be7 5. Bg2 0-0 6. 0-0 dxc4 7. Ne5 Nc6 8. Nxc6 bxc6 9. Bxc6 Rb8 10. Nc3 Bb7 11. Bxb7 Rxb7 12. e3 c5 13. Qf3 Rd7 14. dxc5 Bxc5 15. Qc6 Qc8 16. Qf3 Rfd8 17. Rd1 Bb4 18. Rxd7 Qxd7 19. Ne2 e5 20. e4 Qd3 21. Kg2 Nxe4 22. Ng1 Bc5 23. Nh3 h6 24. Qg4 Nf6 25. Qf3 e4 26. Qf5 Rd5 27. Qf4 Nh5 28. Qg4 Nf6 29. Qf4 Nd7 30. Be3 Bxe3 31. fxe3 Qc2+ 32. Nf2 Rd2 33. Rf1 Nf6 34. Qb8+ Kh7 35. Qf4 Qxb2 36. Qf5+ g6 37. Qf4 Kg7 38. Kg1 h5 39. g4 hxg4 40. Nxg4 Rg2+ 0-1

[Event "Durban USSA op"]
[Site "Durban"]
[Date "2023.12.04"]
[Round "1"]
[White "Motseki, Baby Thomas"]
[Black "Bezuidenhout, Lian"]
[Result "0-1"]
[WhiteElo "1284"]
[BlackElo "1639"]
[PlyCount "92"]
[EventDate "2023.12.04"]
[EventType "swiss"]
[EventRounds "9"]
[EventCountry "RSA"]
[SourceTitle "CB50_2023"]
[SourceDate "2023.12.13"]
[SourceVersion "1"]
[SourceVersionDate "2023.12.13"]
[SourceQuality "1"]

1. d3 d5 2. Nf3 Nf6 3. c3 b6 4. Qa4+ Bd7 5. Qc2 c5 6. e4 dxe4 7. dxe4 Nc6 8. Bd3 e5 9. 0-0 Bd6 10. Bg5 h6 11. Bxf6 Qxf6 12. Nbd2 0-0 13. Nc4 Bc7 14. Ne3 Ne7 15. Nd5 Nxd5 16. exd5 Qd6 17. Rfe1 Rae8 18. Bh7+ Kh8 19. Bf5 Bxf5 20. Qxf5 Qxd5 21. a3 Qe6 22. Qe4 f5 23. Qb7 Bb8 24. g3 Rf7 25. Qa6 e4 26. Qb5 Qd7 27. Qe2 f4 28. Rad1 Qh3 29. Rd5 fxg3 30. fxg3 Rxf3 31. Qxf3 exf3 32. Rxe8+ Kh7 33. Rd2 Bd6 34. Re3 c4 35. Rxf3 Bc5+ 36. Kh1 Qe6 37. Kg2 Qe1 38. Rdf2 Bxf2 39. Rxf2 Qe4+ 40. Kg1 h5 41. Kf1 Kg8 42. Kg1 g5 43. Kf1 h4 44. gxh4 gxh4 45. Rg2+ Kh7 46. h3 Qb1+ 0-1

[Event "South African op"]
[Site "Cape Town"]
[Date "2022.07.12"]
[Round "6"]
[White "Bezuidenhout, Lian"]
[Black "Coetsee, Dewald"]
[Result "1-0"]
[WhiteElo "1354"]
[BlackElo "1218"]
[PlyCount "36"]
[EventDate "2022.07.09"]
[EventType "swiss"]
[EventRounds "11"]
[EventCountry "RSA"]
[SourceTitle "CBM 209 Extra"]
[Source "ChessBase"]
[SourceDate "2022.09.30"]
[SourceVersion "1"]
[SourceVersionDate "2022.09.30"]
[SourceQuality "1"]

1. d4 c5 2. e4 Nc6 3. Nf3 cxd4 4. Nxd4 g6 5. Nc3 Bg7 6. Be3 Nf6 7. Bc4 0-0 8. Bb3 d6 9. f3 Bd7 10. Qd2 Na5 11. 0-0-0 Nxb3+ 12. cxb3 a5 13. Kb1 a4 14. bxa4 Bxa4 15. b3 Bd7 16. g4 Qa5 17. h4 Rfc8 18. Rc1 h5 1-0

[Event "South African op"]
[Site "Cape Town"]
[Date "2022.07.11"]
[Round "5"]
[White "Flores Bartoli, Andrew"]
[Black "Bezuidenhout, Lian"]
[Result "1/2-1/2"]
[WhiteElo "1670"]
[BlackElo "1354"]
[PlyCount "119"]
[EventDate "2022.07.09"]
[EventType "swiss"]
[EventRounds "11"]
[EventCountry "RSA"]
[SourceTitle "CBM 209 Extra"]
[Source "ChessBase"]
[SourceDate "2022.09.30"]
[SourceVersion "1"]
[SourceVersionDate "2022.09.30"]
[SourceQuality "1"]

1. e4 c5 2. Nf3 Nc6 3. Bb5 e6 4. 0-0 Nge7 5. c3 a6 6. Ba4 b5 7. Bc2 d5 8. d4 cxd4 9. exd5 Nxd5 10. Nxd4 Qb6 11. Nxc6 Qxc6 12. a4 Bb7 13. axb5 axb5 14. Rxa8+ Bxa8 15. Be4 Bc5 16. Bxd5 Qxd5 17. Qxd5 Bxd5 18. Be3 Bxe3 19. fxe3 Ke7 20. Rd1 Rc8 21. Na3 Rb8 22. Rd4 Bc6 23. Nc2 e5 24. Nb4 Bb7 25. Rd2 Be4 26. Kf2 Rb6 27. Nd5+ Bxd5 28. Rxd5 Ke6 29. Rc5 b4 30. e4 bxc3 31. bxc3 g6 32. Kf3 h5 33. h3 Rd6 34. Ke3 f5 35. exf5+ gxf5 36. g4 Rd1 37. gxf5+ Kxf5 38. Rc4 Rh1 39. h4 Rh3+ 40. Ke2 e4 41. Rc5+ Kg4 42. Re5 Kf4 43. Rxh5 Rxc3 44. Rh8 Rc2+ 45. Kd1 Rh2 46. h5 Ke3 47. h6 Rh1+ 48. Kc2 Ke2 49. Re8 e3 50. Re6 Kf2 51. Rf6+ Ke1 52. Ra6 Rh3 53. Rg6 e2 54. Rf6 Rh5 55. Rc6 Rh4 56. Kc1 Rh2 57. Rf6 Rf2 58. h7 Rh2 59. Rf7 Rh6 60. Rc7 1/2-1/2